Busiest airports by passenger traffic (Europe, 2024) - Statistics

General Stats
  • This quiz has been taken 51 times
  • The average score is 46 of 50
Answer Stats
Rank Country Airport Passengers % Correct
5 🇪🇸 Adolfo Suárez Madrid–Barajas Airport 66m
100%
4 🇳🇱 Amsterdam Airport Schiphol 66m
100%
16 🇬🇷 Athens International Airport 31m
100%
3 🇫🇷 Charles de Gaulle Airport 70m
100%
13 🇮🇪 Dublin Airport 34m
100%
6 🇩🇪 Frankfurt am Main Airport 61m
100%
10 🇬🇧 Gatwick Airport 43m
100%
1 🇬🇧 Heathrow Airport 83m
100%
2 🇹🇷 Istanbul Airport 80m
100%
7 🇪🇸 Josep Tarradellas Barcelona–El Prat Airport 55m
100%
12 🇵🇹 Lisbon Airport 35m
100%
35 🇬🇧 Luton Airport 16m
100%
22 🇮🇹 Malpensa Airport 28m
100%
34 🇮🇹 Milan Bergamo Airport 17m
100%
41 🇷🇺 Moscow Domodedovo Airport 15m
100%
15 🇫🇷 Orly Airport 33m
100%
8 🇮🇹 Rome Fiumicino Airport 49m
100%
9 🇷🇺 Sheremetyevo International Airport 43m
100%
21 🇬🇧 Stansted Airport 29m
100%
17 🇦🇹 Vienna Airport 31m
100%
38 🇷🇺 Vnukovo International Airport 16m
100%
24 🇩🇪 Berlin Brandenburg Airport 25m
97%
20 🇩🇰 Copenhagen Airport 29m
97%
19 🇬🇧 Manchester Airport 30m
97%
11 🇩🇪 Munich Airport 41m
97%
44 🇫🇷 Nice Côte d'Azur Airport 14m
97%
36 🇨🇿 Václav Havel Airport Prague 16m
97%
18 🇨🇭 Zurich Airport 31m
97%
26 🇧🇪 Brussels Airport 23m
95%
37 🇫🇮 Helsinki Airport 16m
95%
40 🇵🇹 Porto Airport 15m
95%
28 🇵🇱 Warsaw Chopin Airport 21m
95%
39 🇷🇴 Henri Coandă International Airport 15m
92%
27 🇸🇪 Stockholm Arlanda Airport 22m
92%
32 🇨🇭 Geneva Airport 17m
89%
43 🇩🇪 Hamburg Airport 14m
89%
46 🇮🇹 Naples Airport 12m
89%
48 🇮🇹 Venice Marco Polo Airport 11m
89%
33 🇭🇺 Budapest Airport 17m
86%
42 🇬🇧 Edinburgh Airport 15m
86%
45 🇬🇧 Birmingham Airport 12m
84%
49 🇫🇷 Marseille Provence Airport 11m
84%
30 🇩🇪 Düsseldorf Airport 20m
76%
25 🇪🇸 Málaga Airport 24m
76%
50 🇵🇱 Kraków John Paul II International Airport 11m
73%
31 🇪🇸 Alicante–Elche Miguel Hernández Airport 18m
70%
47 🇮🇹 Catania-Fontanarossa Airport 12m
62%
14 🇪🇸 Palma de Mallorca Airport 33m
59%
23 🇩🇰 Oslo Airport 26m
57%
29 🇷🇺 Pulkovo Airport 20m
46%
No matching quizzes found
Score Distribution
Percent of People with Each Score
Percentile by Number Answered
Your Score History
You have not taken this quiz